[Event "FSFMA1 August 2012"]
[Site "Budapest HUN"]
[Date "2012.08.12"]
[Round "9.5"]
[White "Capitelli,P"]
[Black "Lindiawati,E"]
[Result "1/2-1/2"]
[WhiteElo "2087"]
[BlackElo "2075"]

1.e4 g6 2.d4 Bg7 3.Nc3 d6 4.f4 c6 5.Nf3 Bg4 6.Be2 Nd7 7.O-O e6 8.Be3 Ne7
9.Qd2 O-O 10.h3 Bxf3 11.Bxf3 e5 12.Rad1 Nb6 13.Qe2 Qc7 14.g4 f5 15.Bg2 fxe4
16.Bxe4 d5 17.Bf3 exf4 18.Bf2 Rae8 19.Rfe1 Qd7 20.Qd3 Nc4 21.Na4 Nc8 22.b3 Ne3
23.Bxe3  1/2-1/2

[Event "XIII Miquel Mas Open"]
[Site "Figueres ESP"]
[Date "2012.08.16"]
[Round "9.12"]
[White "Vinardell Cruanas,S"]
[Black "Soumya,Sw"]
[Result "1/2-1/2"]
[WhiteElo "2124"]
[BlackElo "2271"]

1.e4 g6 2.d4 Bg7 3.Nc3 d6 4.Be3 a6 5.Qd2 b5 6.a4 b4 7.Nd1 a5 8.c3 bxc3 9.bxc3 Nf6
10.f3 Ba6 11.Bd3 O-O 12.Nf2 Nbd7 13.Ne2 c5 14.O-O Qc7 15.Rfb1 Rfc8 16.Bxa6 Rxa6
17.Qd3 Raa8 18.Rb5 Ne8 19.Nf4 e6 20.d5 Ne5 21.Qe2 Qe7 22.Rab1 g5 23.Nh5 exd5
24.Nxg7 Kxg7 25.exd5 f5 26.f4 Ng6 27.Qd2 Nc7 28.Rb7 Re8 29.Bxc5 dxc5 30.d6 Rad8
31.dxe7 Rxd2 32.Rxc7 Rxe7 33.Rxe7+ Nxe7 34.fxg5 Rc2 35.Nd3 Rxc3 36.Ne5 Re3
37.Nc4 Re4 38.Nxa5 Rxa4 39.Nb7 Rb4 40.Rxb4 cxb4 41.Nc5 Kg6 42.h4 Kh5 43.g3 Kg4
44.Kf2 Nd5 45.Nd3 b3 46.Ne5+ Kh5 47.Nd3 Nb4 48.Nb2 Kg4 49.Ke3 Kxg3 50.h5 Kg4
51.g6 hxg6 52.hxg6 Kg5 53.g7 Nd5+ 54.Kd4 Nf6 55.Kc4 Kg6 56.Kxb3 Kxg7 57.Kc3 Kg6
58.Kd3 Kg5 59.Ke2 Kg4 60.Nd3 Kg3 61.Kf1 Nh5 62.Ke2 Nf4+ 63.Nxf4 Kxf4  1/2-1/2

[Event "Manhem GM 2012"]
[Site "Gothenburg SWE"]
[Date "2012.08.16"]
[Round "8"]
[White "Berg,E"]
[Black "Nithander,V"]
[Result "1-0"]
[WhiteElo "2576"]
[BlackElo "2438"]

1.e4 g6 2.d4 Bg7 3.Nc3 d6 4.Be3 Nf6 5.f3 c6 6.Qd2 Qa5 7.O-O-O b5 8.Kb1 b4
9.Nce2 Na6 10.Nc1 Rb8 11.h4 h5 12.Nh3 Bxh3 13.Rxh3 Nc7 14.Nb3 Qb6 15.Bc4 d5
16.Bd3 Nd7 17.c4 bxc3 18.Qxc3 Nb5 19.Qb4 Nd6 20.Qa4 Nb5 21.Qb4 Nd6 22.Qxb6 Nxb6
23.e5 Ndc4 24.Bc1 e6 25.Nc5 Bf8 26.f4 Na5 27.Ba6 Nd7 28.Ra3 Bxc5 29.dxc5 Nb7
30.Be3 Nbxc5 31.Rc1 Nxa6 32.Rxa6 O-O 33.Rcxc6 Rb4 34.Rxa7 Re4 35.Rxd7 Rxe3
36.Rdc7 d4 37.Rc8 d3 38.Rc1 Rxc8 39.Rxc8+ Kg7 40.Rc1 Re2 41.Rd1 Rxg2 42.a4 Rg4
43.a5 Rxf4 44.Rxd3 Rxh4 45.a6 Rc4 46.a7 Rc8 47.b4 Ra8 48.Ra3 h4 49.b5 h3
50.b6 Rh8 51.Ra2 Rd8 52.Rh2  1-0

[Event "Manhem GM 2012"]
[Site "Gothenburg SWE"]
[Date "2012.08.16"]
[Round "8"]
[White "Welin,M"]
[Black "Rozentalis,E"]
[Result "0-1"]
[WhiteElo "2270"]
[BlackElo "2585"]

1.e4 g6 2.d4 Bg7 3.Nc3 d6 4.Be3 Nf6 5.Qd2 Ng4 6.Bg5 h6 7.Bh4 g5 8.Bg3 e5
9.Nf3 exd4 10.Nxd4 Nc6 11.Nb3 Be6 12.O-O-O Qf6 13.f3 Nge5 14.Nd5 Bxd5 15.Qxd5 O-O-O
16.c3 Kb8 17.Rd2 h5 18.Nd4 h4 19.Bf2 h3 20.Be3 hxg2 21.Rxg2 Nxd4 22.Qxd4 c5
23.Qd1 Bh6 24.Rf2 g4 25.f4 Nf3 26.Rxf3 gxf3 27.Qxf3 Qe6 28.b3 f5 29.exf5 Qxf5
30.Bg2 Rh7 31.Rd1 Re7 32.Kb2 Qe6 33.Rd3 Rf8 34.Ka3 Qf6 35.Qd5 Bxf4 36.Bxf4 Qxf4
37.h4 Rd8 38.Rh3 a6 39.h5 Qc1+ 40.Ka4 Ka7 41.c4 b5+ 42.cxb5 axb5+ 43.Ka5 Qa3+
44.Kxb5 Qa6+  0-1

[Event "Stare Mesto Open 2012"]
[Site "Stare Mesto CZE"]
[Date "2012.08.16"]
[Round "8.12"]
[White "Kolomaznikova,B"]
[Black "Uricar,J"]
[Result "1/2-1/2"]
[WhiteElo "1995"]
[BlackElo "2203"]

1.e4 g6 2.d4 d6 3.Nc3 Bg7 4.Be3 Nd7 5.f3 c6 6.Qd2 Qa5 7.g4 Rb8 8.h4 h5 9.g5 b5
10.f4 b4 11.Nce2 e6 12.Ng3 Ne7 13.Nf3 O-O 14.Be2 Ba6 15.O-O Rfe8 16.a3 Bxe2
17.Nxe2 Rb7 18.axb4 Qc7 19.Rad1 Reb8 20.c3 a5 21.Ng3 d5 22.Ne5 Nxe5 23.fxe5 axb4
24.c4 dxc4 25.Qf2 Rf8 26.Rc1 c3 27.bxc3 b3 28.Rb1 Qa5 29.Qd2 Qb5 30.Rb2 Qc4
31.Rc1 c5 32.Qe2 Qxe2 33.Nxe2 c4 34.Ra1 Rc8 35.Kf2 Rcc7 36.Bc1 Ra7 37.Rbb1 Bf8
38.Ke3 Nc6 39.Bb2 Be7 40.Nc1 Kf8 41.Ne2 Ke8 42.Nc1 Rxa1 43.Rxa1 Ra7 44.Rxa7 Nxa7
45.Ne2 Nb5 46.Kd2 Kd7 47.Kc1 Ba3 48.Ng3 Kc6 49.Nf1 Nxc3 50.Bxa3 Ne2+ 51.Kd2 Nxd4
52.Kc3  1/2-1/2

[Event "2nd Split Open 2012"]
[Site "Split CRO"]
[Date "2012.08.17"]
[Round "7.14"]
[White "Susak,Z"]
[Black "Armanda,I"]
[Result "1-0"]
[WhiteElo "2203"]
[BlackElo "2398"]

1.e4 g6 2.d4 Bg7 3.Nc3 d6 4.a4 b6 5.Bd3 Bb7 6.f3 Nd7 7.Nh3 e6 8.Ne2 Ne7 9.Be3 h6
10.O-O Nf6 11.Nf2 h5 12.h4 d5 13.e5 Nfg8 14.Bg5 Qd7 15.c3 a5 16.b3 Ba6 17.c4 c6
18.Qd2 Qc7 19.Rfc1 dxc4 20.bxc4 Nh6 21.g4 hxg4 22.fxg4 Bb7 23.Ne4 Nc8 24.Bxh6 Bxh6
25.Nf6+ Kd8 26.g5 Qe7 27.gxh6 Kc7 28.Qf4 Ra7 29.c5 bxc5 30.Rxc5 Kb8 31.Rb1 Ka8
32.Be4 Ra6 33.Qd2 Na7 34.h7 Qd8 35.Qh6 Rb6 36.Rxb6 Qxb6 37.Qg7 Rc8 38.h8=Q Qb2
39.Qxc8+ Nxc8 40.Kf2 Ba6 41.Rc2  1-0

[Event "11th Lichtenberger Sommer 2012"]
[Site "Berlin GER"]
[Date "2012.08.18"]
[Round "1.31"]
[White "Reichenbach,W"]
[Black "Radjenovic,B"]
[Result "1-0"]
[WhiteElo "2283"]
[BlackElo "1845"]

1.e4 g6 2.d4 Bg7 3.Nc3 d6 4.f4 Nf6 5.Nf3 c5 6.dxc5 Qa5 7.Bd3 Qxc5 8.Qe2 O-O
9.Be3 Qb4 10.O-O Nc6 11.a3 Qa5 12.Rad1 Ng4 13.Bd2 Nd4 14.Nxd4 Qc5 15.Nd5 Qxd4+
16.Kh1 Bf6 17.Bc3 Qa4 18.Bb5  1-0

[Event "11th Lichtenberger Sommer 2012"]
[Site "Berlin GER"]
[Date "2012.08.18"]
[Round "1.91"]
[White "Schmidt,Markus1"]
[Black "Zelanti,Markus"]
[Result "1-0"]
[WhiteElo "2051"]
[BlackElo "1487"]

1.e4 g6 2.d4 Bg7 3.Nc3 d6 4.Be3 Nf6 5.f3 O-O 6.Qd2 a6 7.O-O-O b5 8.g4 e5
9.dxe5 Ne8 10.h4 f5 11.Qd5+ Kh8 12.Qxa8 Nd7 13.Bg5 Ndf6 14.h5 fxg4 15.hxg6 h6
16.exf6 Nxf6 17.e5 gxf3 18.Nxf3 Qd7 19.exf6 Bxf6 20.Bxf6+ Rxf6 21.Bh3 Qg7
22.Qxc8+  1-0

[Event "11th Lichtenberger Sommer 2012"]
[Site "Berlin GER"]
[Date "2012.08.18"]
[Round "1.9"]
[White "Martin Alvarez,I"]
[Black "Knopf,R"]
[Result "1-0"]
[WhiteElo "2292"]
[BlackElo "1886"]

1.e4 g6 2.d4 Bg7 3.Nc3 d6 4.f4 c6 5.Nf3 Bg4 6.Be3 Qb6 7.Qd2 Nf6 8.Bc4 Nxe4
9.Nxe4 d5 10.Ne5 Qxb2 11.O-O Bf5 12.Rfb1 Qa3 13.Rb3 Qa4 14.Nc5  1-0

[Event "12th ch-Euro Seniors"]
[Site "Kaunas LTU"]
[Date "2012.08.18"]
[Round "1.8"]
[White "Barle,J"]
[Black "Theting,H"]
[Result "1-0"]
[WhiteElo "2382"]
[BlackElo "2010"]

1.e4 g6 2.d4 Bg7 3.Nc3 d6 4.Nge2 Nd7 5.g3 e5 6.Bg2 Ne7 7.O-O O-O 8.Be3 h6
9.h3 c6 10.a4 Kh7 11.a5 Qc7 12.f4 f5 13.fxe5 dxe5 14.d5 Ng8 15.exf5 gxf5
16.dxc6 bxc6 17.Nb5 Qb7 18.Nd6 Qc7 19.Nxf5 Ndf6 20.Nxg7 Kxg7 21.Qd2 Be6 22.Bxh6+  1-0

[Event "12th ch-Euro Seniors"]
[Site "Kaunas LTU"]
[Date "2012.08.18"]
[Round "1.1"]
[White "Finnlaugsson,G"]
[Black "Balashov,Y"]
[Result "0-1"]
[WhiteElo "2062"]
[BlackElo "2450"]

1.e4 g6 2.d4 Bg7 3.Nc3 d6 4.Nf3 Nf6 5.h3 O-O 6.Bf4 Nc6 7.d5 e5 8.Be3 Ne7
9.Qd2 Bd7 10.a4 c6 11.Bc4 cxd5 12.Bxd5 Nfxd5 13.Nxd5 Nxd5 14.exd5 Qc7 15.O-O e4
16.Nd4 Qc4 17.b3 Qxd5 18.Rad1 f5 19.Ne2 Qxd2 20.Rxd2 Be5 21.Bf4 Bc6 22.Rfd1 a5
23.c4 Kg7 24.Nd4 Bxf4 25.Ne6+ Kf6 26.Nxf4 Ke5 27.g3 Rad8 28.h4 Rg8 29.Kf1 h6
30.Nd5 Rg7 31.Re1 g5 32.hxg5 hxg5 33.Nc3 Rh7 34.Ke2 Rh2 35.Kd1 Rdh8 36.g4 Rh1
37.gxf5 Rxe1+ 38.Kxe1 Rh3 39.Nb5 Rxb3 40.Nxd6 Rb4 41.c5 Rxa4  0-1

[Event "2nd Split Open 2012"]
[Site "Split CRO"]
[Date "2012.08.18"]
[Round "8.41"]
[White "Fernandez Gil,M"]
[Black "Basic,I"]
[Result "1-0"]
[WhiteElo "2280"]
[BlackElo "1990"]

1.e4 g6 2.d4 Bg7 3.Nc3 d6 4.Be3 Nf6 5.Be2 O-O 6.Nf3 Ng4 7.Bg5 f6 8.Bh4 Nh6
9.Qd2 c6 10.O-O-O b5 11.Bd3 Nf7 12.Qe1 a5 13.Bg3 Na6 14.e5 Qb6 15.exf6 exf6
16.Ne4 d5 17.Nd6 Bg4 18.Nxf7 Rxf7 19.h3 Bd7 20.c3 Bh6+ 21.Kb1 Re8 22.Qf1 c5
23.dxc5 Nxc5 24.Bc2 b4 25.cxb4 Qxb4 26.Rd4 Qb6 27.Qd1 Be6 28.Re1 Rb7 29.b3 Qc6
30.Bf4 Bxf4 31.Rxf4 Ne4 32.Bxe4 dxe4 33.Nd4 Qd5 34.Rfxe4 Bf5 35.Nxf5 Qxf5
36.Qc2 Rf8 37.Re7 Qxc2+ 38.Kxc2 Rc8+ 39.Kb2 Rb5 40.Re8+ Rxe8 41.Rxe8+ Kf7
42.Ra8 Ke6 43.Re8+ Kd5 44.a3 Kd4 45.Re6 Rf5 46.f3 h5 47.Kc2 h4 48.Re4+ Kd5
49.Rxh4 Re5 50.Re4 Rh5 51.Rg4 Re5 52.Rxg6 Re2+ 53.Kd3 Rb2 54.Kc3 Re2 55.Rxf6 Re3+
56.Kc2 Re2+ 57.Kd3 a4  1-0

[Event "11th Lichtenberger Sommer 2012"]
[Site "Berlin GER"]
[Date "2012.08.19"]
[Round "2.60"]
[White "Strehlow,H2"]
[Black "Laurin,Dirk"]
[Result "1-0"]
[WhiteElo "2074"]
[BlackElo "1665"]

1.e4 g6 2.d4 Bg7 3.Nc3 d6 4.f4 Nf6 5.Nf3 O-O 6.e5 dxe5 7.dxe5 Qxd1+ 8.Kxd1 Ng4
9.Ke1 Nh6 10.Nd5 Nc6 11.Bb5 Nf5 12.Nxc7 Rb8 13.Nd5 Nfd4 14.Nxd4 Nxd4 15.Bd3 Nc6
16.Be3 Be6 17.Be4 b6 18.Kf2 Rbc8 19.c3 Rfd8 20.Rhd1 Bd7 21.Rd2 f5 22.Bf3 e6
23.Nf6+ Bxf6 24.exf6 Be8 25.Rad1 Rxd2+ 26.Rxd2 Rd8 27.Bxc6 Rxd2+ 28.Bxd2 Bxc6
29.Be3 Kf7 30.Bd4 Bd5 31.a3 Be4 32.g3 Bd5 33.Ke3 Bc4 34.Be5 b5 35.Kd4 a6
36.Kc5 a5 37.b3 Be2 38.a4 Bc4 39.axb5 Bxb3 40.b6 Bd5 41.Kb5 a4 42.Kxa4 h6
43.Kb5 Bb7 44.c4 g5 45.c5 gxf4 46.gxf4  1-0

[Event "11th Lichtenberger Sommer 2012"]
[Site "Berlin GER"]
[Date "2012.08.19"]
[Round "2.27"]
[White "Niehaus,F"]
[Black "Schmidt,Markus1"]
[Result "1/2-1/2"]
[WhiteElo "2208"]
[BlackElo "2051"]

1.e4 g6 2.d4 Bg7 3.Nc3 d6 4.f4 a6 5.a4 b6 6.Nf3 Bb7 7.Bc4 e6 8.O-O Ne7 9.d5 exd5
10.Nxd5 O-O 11.f5 Bxd5 12.Bxd5 Nxd5 13.Qxd5 Nd7 14.fxg6 hxg6 15.Ng5 Ne5 16.Qb3 Bf6
17.Qg3 Kg7 18.Bd2 Qe7 19.Nh3 Nc4 20.Bc3 Bxc3 21.Qxc3+ Ne5 22.Nf4 c6 23.Nd3 Rac8
24.Nxe5 Qxe5  1/2-1/2

[Event "12th ch-Euro Seniors"]
[Site "Kaunas LTU"]
[Date "2012.08.19"]
[Round "2.35"]
[White "Sollid,S"]
[Black "Wicklund Hansen,R"]
[Result "1/2-1/2"]
[WhiteElo "2026"]
[BlackElo "1847"]

1.e4 g6 2.d4 Bg7 3.Nc3 d6 4.Bf4 a6 5.Qd2 b5 6.Nf3 Bb7 7.Bd3 Nf6 8.d5 c6 9.dxc6 Nxc6
10.O-O Qd7 11.Nd5 Nxd5 12.exd5 Ne5 13.Bxe5 dxe5 14.c4 bxc4 15.Bxc4 O-O 16.Rfe1 Qd6
17.Rad1 h6 18.Qe2 f6 19.Bd3 Kh7 20.Bb1 Rad8 21.h4 f5 22.Nxe5 Qf6 23.h5 gxh5
24.Qxh5 Bxd5 25.Ng4 Qf7 26.Qxf7 Rxf7 27.Ne3 e6 28.g4 Rfd7 29.gxf5 Kh8 30.Nxd5 exd5
31.Re6 Rd6 32.a3 h5 33.Rde1 Bf6 34.Rxd6 Rxd6 35.Re6 Rxe6 36.fxe6 Be7 37.f4 Kg7
38.Kg2 Kf6 39.f5 Kg5 40.Kf3 a5 41.Bd3 h4  1/2-1/2

[Event "12th ch-Euro Seniors"]
[Site "Kaunas LTU"]
[Date "2012.08.19"]
[Round "2.13"]
[White "Romcovici,V"]
[Black "Malmdin,N"]
[Result "1-0"]
[WhiteElo "2146"]
[BlackElo "2297"]

1.d4 g6 2.e4 Bg7 3.Nc3 d6 4.Be3 a6 5.g3 b5 6.Bg2 Bb7 7.Nh3 Nd7 8.O-O Rb8
9.f4 b4 10.Ne2 Ngf6 11.Nf2 e6 12.h3 h5 13.Qd3 O-O 14.g4 hxg4 15.hxg4 c5 16.c3 bxc3
17.bxc3 Qc7 18.g5 Nh5 19.Nh1 f5 20.Nhg3 Nxg3 21.Nxg3 Bc6 22.Rf2 Bb5 23.Qd2 Bc4
24.d5 exd5 25.exf5 d4 26.fxg6 Rfe8 27.cxd4 Rxe3 28.Qxe3 Bxd4 29.Qe7 Qd8 30.Qh7+ Kf8
31.Nf5 Bxa1 32.g7+  1-0

[Event "87th ch-FRA 2012"]
[Site "Pau FRA"]
[Date "2012.08.20"]
[Round "7"]
[White "Mullon,J"]
[Black "Tkachiev,V"]
[Result "0-1"]
[WhiteElo "2404"]
[BlackElo "2644"]

1.e4 g6 2.d4 d6 3.Nc3 Bg7 4.f4 Nf6 5.Nf3 O-O 6.e5 dxe5 7.dxe5 Qxd1+ 8.Kxd1 Nh5
9.Ke1 Nc6 10.Be3 Bg4 11.Kf2 f6 12.Bc4+ Kh8 13.e6 Bh6 14.Ne2 Na5 15.Bd5 Ng7
16.Ned4 Rad8 17.h3 Bxf3 18.Bxf3 Nc4 19.g3 g5 20.Ne2 Nxe3 21.Kxe3 gxf4+ 22.gxf4 Nxe6
23.Bxb7 Nxf4 24.Nxf4 e5 25.Rad1 Bxf4+ 26.Kf3 f5 27.Rhe1 Kg7 28.Rd5 Rxd5 29.Bxd5 Rf6
30.Bb3 Rh6 31.Kg2 Rg6+ 32.Kf3 Rg3+ 33.Kf2 e4 34.Rd1 Bd6 35.Rd5 Rf3+ 36.Ke2 Kf6
37.c4 Rxh3 38.c5 Rh2+ 39.Ke3 Bf8 40.Kd4  0-1

[Event "e2e4 Gatwick Masters B 2012"]
[Site "Crawley ENG"]
[Date "2012.08.21"]
[Round "6.3"]
[White "Burke,Steven J"]
[Black "Ghasi,A"]
[Result "0-1"]
[WhiteElo "2041"]
[BlackElo "2418"]

1.d4 g6 2.e4 Bg7 3.Nc3 d6 4.Bg5 a6 5.Qd2 b5 6.a4 b4 7.Nd5 a5 8.f3 c6 9.Ne3 Nd7
10.c3 bxc3 11.bxc3 Ngf6 12.Bd3 h6 13.Bh4 O-O 14.Ne2 e5 15.O-O Nxe4 16.Bxe4 Qxh4
17.Bxc6 Ra7 18.g3 Qd8 19.Rab1 Rc7 20.Bb5 Nb6 21.dxe5 dxe5 22.Qxd8 Rxd8 23.Rfd1 Rxd1+
24.Rxd1 Bb7 25.Rd6 Bf8 26.Rxb6 Bc5 27.Rxb7 Bxe3+ 28.Kg2 Rxb7 29.c4 f5 30.Nc3 Bd4
31.Nd5 Kg7 32.Kf1 g5 33.Ke2 h5 34.h3 h4 35.gxh4 gxh4 36.Kd3 Bc5 37.f4 e4+
38.Ke2 Kf7 39.Bc6 Rb2+ 40.Ke1 Ke6 41.Nc3 Bb4  0-1

[Event "e2e4 Gatwick Masters B 2012"]
[Site "Crawley ENG"]
[Date "2012.08.21"]
[Round "6.1"]
[White "Brown,Mart"]
[Black "Klaric,Zl"]
[Result "0-1"]
[WhiteElo "2241"]
[BlackElo "2427"]

1.e4 d6 2.d4 g6 3.Nc3 Bg7 4.f4 c6 5.Nf3 Bg4 6.Be2 Qb6 7.e5 Nh6 8.O-O Nf5
9.Ng5 Bxe2 10.Nxe2 dxe5 11.fxe5 Bxe5 12.Nxf7 Kxf7 13.g4 e6 14.c4 Rd8 15.c5 Qb4
16.Be3 Na6 17.a3 Qxb2 18.gxf5 exf5 19.Qd3 Nxc5 20.Qc4+ Ne6 21.Rab1 b5 22.Rxb2 Bxh2+
23.Kxh2 bxc4 24.Rb7+ Kf6 25.Rxh7 Rab8 26.Rxa7 Rb3 27.Bg1 Rb2 28.Rf2 c5 29.dxc5 Nxc5
30.Ng3 c3 31.Rc7 Nd3 32.Rxb2 cxb2 33.Rb7 Ke5 34.Rb3 Rc8 35.Ne2 Rc2 36.Bd4+ Ke4
37.Bxb2 Rxe2+ 38.Kg1 Rxb2  0-1

[Event "12th World Uni Women"]
[Site "Guimaraes POR"]
[Date "2012.08.21"]
[Round "3.4"]
[White "Carreras Mendiolea,P"]
[Black "Kadziolka,B"]
[Result "0-1"]
[WhiteElo "1962"]
[BlackElo "2311"]

1.e4 g6 2.d4 Bg7 3.Nc3 d6 4.f4 a6 5.Nf3 b5 6.Bd3 Nd7 7.O-O c5 8.d5 c4 9.Be2 Qb6+
10.Kh1 Ngf6 11.a3 Ng4 12.Qe1 Ne3 13.Bxe3 Qxe3 14.Qd2 Qxd2 15.Nxd2 Nc5 16.Rae1 O-O
17.Bf3 Bxc3 18.bxc3 Na4 19.Re3 Bb7 20.Rd1 Rad8 21.Kg1 e6 22.Rde1 Rfe8 23.Kf2 Kf8
24.dxe6 fxe6 25.g4 Kg7 26.g5 Nc5 27.h4 Rf8 28.Kg3 e5 29.fxe5 dxe5 30.R1e2 Ne6
31.Bg4 Nf4 32.Rf2 Nh5+ 33.Bxh5 Rxf2 34.Kxf2 Rxd2+ 35.Be2 Rxc2 36.Kg3 Ra2
37.Bf3 Rxa3 38.Bg2 Kf7 39.Kg4 Bc8+ 40.Kg3 Ke7 41.Bf3 b4 42.Be2 bxc3 43.Bxc4 c2
44.Rxa3 c1=Q  0-1

[Event "EY Girls U16 2012"]
[Site "Prague CZE"]
[Date "2012.08.21"]
[Round "5.1"]
[White "Visanescu,D"]
[Black "Tantsiura,M"]
[Result "1-0"]
[WhiteElo "2019"]
[BlackElo "2193"]

1.e4 g6 2.d4 d6 3.Nc3 Bg7 4.Be3 c6 5.Bd3 b5 6.h3 a6 7.Nf3 Nd7 8.O-O e5 9.dxe5 dxe5
10.a4 b4 11.Ne2 Ngf6 12.Ng3 h5 13.c3 bxc3 14.bxc3 Qe7 15.Nh4 Nc5 16.Bc4 Ncxe4
17.Nxe4 Nxe4 18.Qf3 Bf5 19.Nxf5 gxf5 20.Qxf5 Nd6 21.Qf3 e4 22.Qe2 Bxc3 23.Rad1 Rg8
24.Qc2 Nxc4 25.Qxc3 Ne5 26.Bf4 Nf3+ 27.Kh1 Qe6 28.Rd6 Qf5 29.Qxc6+ Kf8 30.Qxa8+ Kg7
31.Bh6+ Kh7 32.Qd5 Ne5 33.Re1 Qxf2 34.Qxe4+ f5 35.Qb7+  1-0

[Event "11th Lichtenberger Sommer 2012"]
[Site "Berlin GER"]
[Date "2012.08.22"]
[Round "5.38"]
[White "George,Tom"]
[Black "Amelang,T"]
[Result "0-1"]
[WhiteElo "1883"]
[BlackElo "2140"]

1.e4 g6 2.d4 d6 3.Nc3 Bg7 4.Be3 Nf6 5.f3 c6 6.Qd2 Qa5 7.Nge2 b5 8.Nf4 Nbd7
9.h4 h5 10.Be2 Rb8 11.Kf2 b4 12.Nd1 Qc7 13.Bc4 e5 14.Nh3 exd4 15.Bxd4 c5
16.Bxf6 Bxf6 17.Ng5 Bd4+ 18.Ke1 d5 19.exd5 Qg3+ 20.Kf1 Ne5 21.Be2 Nd7 22.Ne4 Qc7
23.c3 bxc3 24.bxc3 Bg7 25.Ne3 Bh6 26.Kf2 O-O 27.Qc2 Qe5 28.Nc4 Qxd5 29.Rad1 Qe6
30.Rd6 Qe7 31.Qd3 Nb6 32.Nxb6 axb6 33.Nf6+ Kg7 34.Ne4 Bf4 35.Rf6 Be5 36.Rd6 Bxd6
37.Qxd6 Qxd6 38.Nxd6 Be6 39.c4 Rfd8 40.Ne4 Ra8 41.Ra1 Rd4 42.Ke3 Ra3+  0-1

[Event "12th World Uni Women"]
[Site "Guimaraes POR"]
[Date "2012.08.22"]
[Round "5.2"]
[White "Hoolt,S"]
[Black "Tan Zhongyi"]
[Result "0-1"]
[WhiteElo "2281"]
[BlackElo "2456"]

1.e4 d6 2.d4 g6 3.Nc3 Bg7 4.f4 a6 5.a4 Nf6 6.Nf3 c5 7.d5 O-O 8.Bd3 e6 9.O-O exd5
10.exd5 Bg4 11.h3 Bxf3 12.Qxf3 Nbd7 13.a5 Re8 14.Kh1 Rc8 15.Ra4 c4 16.Bxc4 b5
17.axb6 Nxb6 18.Bb3 Nxa4 19.Bxa4 Re7 20.Bc6 Qb6 21.Kh2 Qd4 22.Rd1 Qb4 23.Qd3 a5
24.Na4 Ne4 25.c3 Qb3 26.c4 Qb4 27.Qc2 Nc5 28.Bd2 Qb3 29.Qxb3 Nxb3 30.Re1 Rxe1
31.Bxe1 Bd4 32.Nc3 Be3 33.Ne2 Bd2 34.Bf2 Rc7 35.Kg3 Re7 36.Kf3 Bb4 37.Be3 f5
38.g4 Bd2 39.Bb6 Re4 40.gxf5 gxf5 41.Bd7 Rxc4 42.Bxf5 a4 43.Bd8 Kg7 44.Be7 Bb4
45.Be6 Nd2+ 46.Kg4 Ne4 47.Ng3 Nxg3 48.Kxg3 Rc7 49.Bd8 Rc2 50.Bd7 Rxb2 51.Bxa4 Be1+
52.Kf3 Ra2 53.Bd7 Bc3 54.Be6 Bf6 55.Bb6 h5 56.Bc7 Be7 57.Bb6 Ra4 58.Ke3 Rc4
59.Bd4+ Bf6 60.Bb6 Bb2 61.Kf3 Bc1 62.f5 Bg5 63.Kg2 Bf6 64.Be3 Be5 65.Bg5 Rc2+
66.Kg1 Rc3 67.h4 Bf6 68.Kg2 Rc4 69.Kf3 Ra4 70.Ke3 Ra3+ 71.Kf2 Ra2+ 72.Kg3 Ra1
73.Kg2 Re1 74.Kf2 Rd1 75.Kf3 Rg1 76.Bf4 Be7 77.Bg3 Rb1 78.Bf4 Rf1+ 79.Ke4 Rh1
80.f6+ Bxf6 81.Bxd6 Rxh4+ 82.Kf3 Rd4 83.Bf4 Kg6 84.d6 Bg5 85.Be5 Rd1 86.Bc8 Re1
87.Bg3 Re3+ 88.Kg2 h4 89.Bf2 Rd3 90.Bc5 Rc3 91.Bh3 Rxc5 92.d7 Rc2+ 93.Kh1 Rd2
94.Kg1 Kf6 95.Kh1 Ke5  0-1

[Event "12th World Uni Women"]
[Site "Guimaraes POR"]
[Date "2012.08.22"]
[Round "5.4"]
[White "Severiukhina,Z"]
[Black "Enkhtuul,A"]
[Result "1-0"]
[WhiteElo "2352"]
[BlackElo "2117"]

1.e4 g6 2.d4 Bg7 3.Nc3 d6 4.Be3 Nd7 5.Nf3 a6 6.a4 b6 7.Qd2 Bb7 8.Bd3 c5 9.d5 Qc7
10.b3 h5 11.O-O Ngf6 12.h3 Ne5 13.Nxe5 dxe5 14.Nd1 Nxd5 15.exd5 e4 16.Bxe4 Qe5
17.Rc1 Qxe4 18.c4 a5 19.Re1 Qf5 20.Bg5 Bf6 21.Bxf6 Qxf6 22.Qe3 Kf8 23.Nc3 h4
24.Ne4 Qf5 25.Nxc5 bxc5 26.Qxe7+ Kg7 27.Qxb7 Rab8 28.Qa7 Rhc8 29.Re3 Ra8
30.Qe7 Qf6 31.Rce1 Qxe7 32.Rxe7 Rab8 33.R1e3 Rb6 34.Ra7 Rcb8 35.Rxa5 Rxb3
36.Rxb3 Rxb3 37.Rxc5 Rb1+ 38.Kh2 Rb2 39.d6 Rb8  1-0

[Event "EY Boys U16 2012"]
[Site "Prague CZE"]
[Date "2012.08.22"]
[Round "6.45"]
[White "McDonald,I"]
[Black "Pavelek,T"]
[Result "0-1"]
[WhiteElo "1869"]
[BlackElo "1974"]

1.e4 g6 2.d4 d6 3.Nc3 Bg7 4.Be3 c6 5.Qd2 Qc7 6.Nf3 Nd7 7.Bc4 Ngf6 8.O-O-O Nb6
9.Bb3 O-O 10.e5 Nfd5 11.Nxd5 Nxd5 12.Bh6 a5 13.h4 a4 14.Bc4 b5 15.Bd3 Qa5
16.c3 b4 17.c4 b3 18.a3 Qxd2+ 19.Bxd2 Ba6 20.Bg5 f6 21.exf6 exf6 22.cxd5 fxg5
23.dxc6 g4 24.Ng5 Rxf2 25.Ne4 Rxg2 26.Nxd6 Bxd3 27.Rxd3 Rc2+ 28.Kb1 Rxc6
29.Nb5 Rc2 30.Nc3 h5 31.Na2 Rf8 32.Nc3 Rf3 33.Rdd1 g3 34.Nxa4 g2 35.Rhe1 Bxd4
36.Rxd4 Rf1 37.Rdd1 Rcf2  0-1

[Event "12th ch-Euro Seniors"]
[Site "Kaunas LTU"]
[Date "2012.08.23"]
[Round "6.51"]
[White "Birkestrand,O"]
[Black "Lion,Eduard"]
[Result "1-0"]
[WhiteElo "1862"]
[BlackElo "1677"]

1.e4 g6 2.d4 Bg7 3.Nc3 d6 4.f4 Nf6 5.e5 dxe5 6.dxe5 Qxd1+ 7.Kxd1 Ng4 8.Ke1 Nh6
9.Nd5 Kd8 10.Be3 Nf5 11.Bf2 e6 12.Nc3 a6 13.Rd1+ Bd7 14.Ne4 b6 15.g4 Nh6
16.Bg2 Ra7 17.h3 Ke8 18.Bh4 Ng8 19.Ne2 h5 20.g5 Ne7 21.Bf2 Nc8 22.h4 Ke7
23.N2c3 Rd8 24.Ke2 Kf8 25.Rd2 Kg8 26.Rhd1 Ne7 27.Ng3 Kh7 28.Ke1 Nd5 29.Nxd5 exd5
30.Rxd5 Bf8 31.Ne4 Bb4+ 32.c3 Be7 33.Nf6+ Bxf6 34.gxf6 Re8 35.Rxd7 Nxd7 36.Rxd7 Kg8
37.Bxb6  1-0

[Event "24th Schlosspark Open"]
[Site "Wiesbaden GER"]
[Date "2012.08.23"]
[Round "1.46"]
[White "Kreyssig,Bruno"]
[Black "Giese,Tilman"]
[Result "0-1"]
[WhiteElo "1717"]
[BlackElo "2067"]

1.e4 g6 2.d4 Bg7 3.Nc3 d6 4.Be3 a6 5.Qd2 Nd7 6.f3 h6 7.O-O-O b5 8.h4 Bb7
9.Kb1 e6 10.g3 Ne7 11.Nh3 Nb6 12.Bd3 d5 13.e5 Nc4 14.Bxc4 dxc4 15.Ne4 Nd5
16.Nf4 Nxf4 17.Bxf4 Bxe4 18.fxe4 c6 19.Rhf1 Qe7 20.Rf3 Rd8 21.Qa5 Qa7 22.Qd2 O-O
23.c3 Kh7 24.Qh2 Rd7 25.Be3 Bxe5 26.Rdf1 Bg7 27.e5 Qc7 28.Qc2 Kg8 29.Qc1 c5
30.dxc5 Qxe5 31.Bxh6 Qe4+ 32.Ka1 Bxh6 33.Qxh6 Qxf3  0-1

[Event "12th ch-Euro Seniors"]
[Site "Kaunas LTU"]
[Date "2012.08.24"]
[Round "7.20"]
[White "Nevednichy,B"]
[Black "Theting,H"]
[Result "1-0"]
[WhiteElo "2228"]
[BlackElo "2010"]

1.e4 g6 2.d4 Bg7 3.Nc3 d6 4.Nf3 Nc6 5.Be3 e5 6.d5 Nce7 7.h3 h6 8.g4 a6 9.Qd2 b5
10.a4 b4 11.Ne2 a5 12.Ng3 Bd7 13.Bb5 Bxb5 14.axb5 Qb8 15.Qd3 Nc8 16.c4 Nge7
17.Qd2 Nb6 18.b3 Nd7 19.O-O Nc5 20.Bxc5 dxc5 21.Ne1 O-O 22.Nd3 Qb6 23.Qe3 f5
24.Qxc5 f4 25.Qxb6 cxb6 26.Ne2 Nc8 27.f3 Nd6 28.Rfc1 Rfc8 29.Nb2 Bf6 30.Na4 Bd8
31.Ra2 Nb7 32.Kg2 Kf7 33.Rd1 Nd6 34.Nc1 Rab8 35.Nd3 Bf6 36.h4 Bg7 37.Rdd2 Kf6
38.Nxf4 Nxc4 39.bxc4 exf4 40.Rac2 Ke7 41.d6+ Kd8 42.c5 bxc5 43.Nxc5 Rxc5
44.Rxc5 b3 45.e5 a4 46.e6 b2 47.e7+ Ke8 48.Rc8+ Rxc8 49.d7+ Kxe7 50.dxc8=Q b1=Q
51.Qd8+  1-0

[Event "EY Boys U18 2012"]
[Site "Prague CZE"]
[Date "2012.08.24"]
[Round "8.17"]
[White "Godart,F"]
[Black "Verstraeten,R"]
[Result "1-0"]
[WhiteElo "2337"]
[BlackElo "2191"]

1.d4 g6 2.e4 Bg7 3.Nc3 d6 4.f4 Nf6 5.Nf3 O-O 6.e5 Nfd7 7.h4 c5 8.h5 cxd4
9.hxg6 hxg6 10.Qxd4 Nc6 11.Qf2 e6 12.exd6 Nb6 13.Bd2 Qxd6 14.O-O-O Rd8 15.Qh4  1-0

[Event "11th Lichtenberger Sommer 2012"]
[Site "Berlin GER"]
[Date "2012.08.25"]
[Round "8.66"]
[White "Walter,Gu2 GER"]
[Black "Lieder,G"]
[Result "1/2-1/2"]
[WhiteElo "1983"]
[BlackElo "1862"]

1.e4 g6 2.d4 Bg7 3.Nc3 d6 4.f4 a6 5.Be3 b5 6.a3 Bb7 7.Be2 Nd7 8.Nf3 Ngf6
9.Qd3 Nb6 10.O-O O-O 11.Nd2 Rc8 12.d5 c6 13.dxc6 Bxc6 14.Bf3 Nfd7 15.Rad1 Qc7  1/2-1/2

[Event "11th Lichtenberger Sommer 2012"]
[Site "Berlin GER"]
[Date "2012.08.26"]
[Round "9.81"]
[White "Acikel,Mert"]
[Black "Radjenovic,B"]
[Result "1/2-1/2"]
[WhiteElo "1791"]
[BlackElo "1845"]

1.e4 g6 2.d4 Bg7 3.Nc3 d6 4.f4 Nf6 5.Nf3 Bg4 6.Be3 O-O 7.h3 Bc8 8.Bd3 Nc6
9.e5 dxe5 10.fxe5 Nd5 11.Nxd5 Qxd5 12.Qd2 Re8 13.O-O Rf8 14.c4 Qd8 15.Be2 b6
16.Rad1 Bb7 17.Ng5 Nb8 18.Bf3 Bxf3 19.Nxf3 Qd7 20.b3 Na6 21.Bh6 Rad8 22.Bxg7 Kxg7
23.d5 Nc5 24.Qd4 f6 25.Ng5 Kg8 26.exf6 exf6 27.Rxf6 Rxf6 28.Qxf6 Rf8 29.Qd4 Qf5
30.Nf3 Re8 31.d6 Rd8 32.Qd5+ Qxd5 33.Rxd5 cxd6 34.Ne5 Ne6 35.Nc6 Rd7 36.Nb8 Rd8  1/2-1/2

[Event "11th Lichtenberger Sommer 2012"]
[Site "Berlin GER"]
[Date "2012.08.26"]
[Round "9.84"]
[White "Sauermann,A"]
[Black "Becker,Uwe"]
[Result "1-0"]
[WhiteElo "1933"]
[BlackElo "1817"]

1.e4 g6 2.d4 Bg7 3.Nc3 d6 4.h3 Nf6 5.Nf3 O-O 6.Be3 a6 7.a4 Nbd7 8.Bd3 c5
9.d5 Qc7 10.O-O Re8 11.Re1 Nf8 12.Rb1 e6 13.dxe6 fxe6 14.Bc4 Kh8 15.Qd2 b6
16.Rbd1 Nxe4 17.Nxe4 d5 18.Bxd5 exd5 19.Qxd5 Bb7 20.Qd6 Rac8 21.Qxc7 Rxc7
22.Nd6 Ra8 23.Nxb7 Rxb7 24.b3 Nd7 25.Rd6 Ne5 26.Nxe5 Bxe5 27.Rd5 Re8 28.Bf4 Bxf4
29.Rxe8+ Kg7 30.Red8 Kh6 31.R5d7  1-0